25 plus grandes villes d'Allemagne - Statistiques

Statistiques générales
  • Ce quiz a été pris 93 fois
  • Le résultat moyen est 14 sur 25
Statistiques - réponses
Hint Réponse % Correct
3 685 265 Berlin
99%
1 613 399 Munich
98%
1 862 565 Hambourg
95%
1 153 230 Cologne
88%
756 021 Francfort
88%
631 217 Dusseldorf
82%
612 663 Stuttgart
81%
586 852 Dortmund
74%
611 850 Leipzig
74%
535 928 Hanovre
69%
586 271 Brême
67%
529 508 Nuremberg
67%
564 904 Dresde
56%
586 608 Essen
54%
316 877 Mannheim
46%
335 789 Bonn
42%
334 475 Bielefeld
35%
503 707 Duisbourg
33%
301 252 Karlsruhe
31%
301 586 Augsbourg
30%
366 385 Bochum
29%
322 904 Munster
23%
358 938 Wuppertal
19%
268 943 Mönchengladbach
17%
288 850 Wiesbaden
14%
Aucun quiz correspondant
Distribution des résultats
% des personnes avec chaque résultat
Percentile par nombre de réponses
Votre historique - résultats
Vous n’avez pas pris ce quiz